2018 AFL All-Australian Team - Statistics

General Stats
  • This quiz has been taken 348 times
  • The average score is 12 of 22
Answer Stats
Position Player % Correct
Ruck Max Gawn
91%
Centre Dustin Martin
83%
Forward Flank Patrick Dangerfield
79%
Centre Half Forward Lance Franklin
76%
Full Back Alex Rance
73%
Bench Brodie Grundy
73%
Centre Half Back Jeremy Mcgovern
67%
Rover Tom Mitchell
67%
Full Forward Jack Riewoldt
64%
Ruck Rover Patrick Cripps
62%
Wing Andrew Gaff
51%
Bench Clayton Oliver
51%
Wing Steele Sidebottom
50%
Back Flank Shannon Hurn
48%
Back Pocket Rory Laird
42%
Forward Flank Robbie Gray
37%
Back Pocket Tom Stewart
37%
Forward Pocket Jack Gunston
35%
Back Flank Lachie Whitfield
34%
Forward Pocket Luke Breust
33%
Bench Shane Edwards
30%
Bench Shaun Higgins
22%
No matching quizzes found
Score Distribution
Percent of People with Each Score
Percentile by Number Answered
Your Score History
You have not taken this quiz